000 00976nam a22002417a 4500
999 _c7848
_d7848
003 AR-CdUCM
008 190321b ||||| |||| 00| 0 spa d
020 _a956-7215-15-4
040 _aMUNICIPALIDAD PROVINCIAL DEL CUSCO
_cBIBLIOTECA MUNICIPAL DEL CUSCO
082 _a333.7 /
_bSE26
110 _aFundación de Comunicaciones de Agro, FUCOA.
_922192
245 _aSeguimiento y evaluación del manejo de recursos naturales /
260 _aSantiago de Chile :
_bFUCOA,
_c2000.
300 _a380 páginas ;
_bTablas,
_c23 cm.
505 _aContenido: Derechos de propiedad -- Indicadores biológicos de la sostenibilidad de la actividad extractiva -- Manejo de los Recursos Naturales -- Sistema de desarrollo local ...
650 _aRecursos Naturales
_91988
650 _aConseciones
_922193
650 _aDesertificación
_922194
700 _aBerdegué, Julio A. (Editor)
_922195
700 _aEscobar, Geman (Editor)
_922196
942 _2ddc
_cLIBROS
945 _araen